The teaching of sets in schools /
Guardado en:
| Autor Principal: | |
|---|---|
| Formato: | Libro |
| Idioma: | English |
| Publicado: |
London :
G. Bell & Sons,
1965.
|
| Etiquetas: |
Agregar Etiqueta
Sin Etiquetas, Sea el primero en etiquetar este registro!
|
| LEADER | 00590nam a22001695a 4500 | ||
|---|---|---|---|
| 001 | MAT.inmabb001478 | ||
| 008 | 031124s1965####enk######b####000#0#eng#d | ||
| 005 | 20130408182712.0 | ||
| 245 | 1 | 4 | |a The teaching of sets in schools / |c by K. R. McLean. |
| 260 | |a London : |b G. Bell & Sons, |c 1965. | ||
| 300 | |a 46 p. ; |c 22 cm. | ||
| 500 | |a Sponsored by the Modern Trends sub-committee of the Teaching Committee of the Mathematical Association. | ||
| 504 | |a Bibliography: p. 42-44. | ||
| 100 | 1 | |a McLean, Keith Robin. | |
| 084 | |a 97 |2 msc2000 | ||
| 010 | |a 66070401 | ||
| 859 | |h 97 |i M163 |p A-1791 |b BIB. MATEMATICA | ||
